Quiz o Wietnamie - Statystyki

Ogólne statystyki
  • Ten quiz został rozwiązany 2 504 razy
  • Średni wynik to 11 z 20
Statystyki odpowiedzi
Wskazówka Odpowiedź % Poprawnych
Państwa, które graniczą z Wietnamem Laos
92%
Państwa, które graniczą z Wietnamem Chiny
91%
Stolica Hanoi
91%
Państwa, które graniczą z Wietnamem Kambodża
89%
Podstawowa uprawa Ryż
78%
Druga najpowszechniejsza religia, po "wietnamskich religiach ludowych" Buddyzm
73%
Kraj, który skolonizował Wietnam Francja
72%
Półwysep, na którym leży Wietnam Indochiński
70%
Dawna nazwa tego miasta Sajgon
56%
Najbardziej zaludnione miasto Ho Chi Minh
53%
Znana rzeka, która uchodzi do morza w południowym Wietnamie Mekong
53%
Jakim rodzajem potrawy jest pho? Zupa
52%
Jedyna partia polityczna Partia komunistyczna
47%
Południowo-wietnamska grupa powstańcza, która walczyła z USA Wietkong
36%
Jednostka monetarna Dong
30%
Nazwiska rodowe, które nosi prawie 50% mieszkańców kraju Nguyen
29%
Malownicza zatoka złożona z około 2000 małych wysepek Hạ {Long}
19%
Rzeka, która przepływa przez stolicę Czerwona
17%
Wietnamski Nowy Rok Tet
11%
Nazwiska rodowe, które nosi prawie 50% mieszkańców kraju Tran
9%
Nie znaleziono quizów pasujących do podanych kryteriów
Rozkład punktacji
Procent ludzi z każdym wynikiem
Percentyl według liczby udzielonych odpowiedzi
Twoja historia wyników
Nie rozwiązałeś tego quizu